000
00294nam a22001337a 4500
008
170330b xxu||||| |||| 00| 0 eng d
020
_a
0721655785
041
_a
eng
080
_2
15ED
_a
616-053.2
100
_a
8
101
_a
SHM
245
_a
TEXBOOK PEDIATRICS
_c
NELSON.W.E
942
_2
udc
_c
BK
999
_c
9061
_d
9061